Central Library OPAC University of Rajshahi

Introduction to quantum mechanics / (Record no. 8506)

MARC details
000 -LEADER
fixed length control field 00666cam a2200241 a 4500
001 - CONTROL NUMBER
control field 8506
003 - CONTROL NUMBER IDENTIFIER
rucl marc code BD-RjUL
005 - DATE AND TIME OF LATEST TRANSACTION
control field 20211208234612.0
008 - FIXED-LENGTH DATA ELEMENTS--GENERAL INFORMATION
fixed length control field 140118s1968 nyu 001 0 eng d
035 ## - SYSTEM CONTROL NUMBER
System control number (BD-RjUL)8551
040 ## - CATALOGING SOURCE
Original cataloging agency DLC
Transcribing agency DLC
Modifying agency DLC
-- BD-RjUL
Language of cataloging eng
041 ## - LANGUAGE CODE
Language code of text/sound track or separate title eng
082 00 - DEWEY DECIMAL CLASSIFICATION NUMBER
Classification number 530.12
Author mark and year MAI 1968
100 1# - MAIN ENTRY--PERSONAL NAME
Personal name Matthews, P. T.
Fuller form of name (Paul Taunton)
9 (RLIN) 26488
245 10 - TITLE STATEMENT
Title Introduction to quantum mechanics /
Statement of responsibility, etc. [by] P. T. Matthews.
250 ## - EDITION STATEMENT
Edition statement 2d ed.
260 ## - PUBLICATION, DISTRIBUTION, ETC. (IMPRINT)
Place of publication, distribution, etc. New York :
Name of publisher, distributor, etc. McGraw-Hill,
Date of publication, distribution, etc. 1968.
300 ## - PHYSICAL DESCRIPTION
Pagination xii, 188 p.;
Size 23 cm.
650 #0 - SUBJECT ADDED ENTRY--TOPICAL TERM
Topical term or geographic name as entry element Quantum theory.
9 (RLIN) 26489
942 ## - ADDED ENTRY ELEMENTS (KOHA)
Source of classification or shelving scheme Dewey Decimal Classification
Koha item type Books
Holdings
Lost status Source of classification or shelving scheme Damaged status Not for loan Collection code Permanent Location Current Location Shelving location Date acquired Source of acquisition Cost, normal purchase price Total Checkouts Full call number Date last seen Copy number Koha item type Date checked out
  Dewey Decimal Classification     Non-fiction Central Library, University of Rajshahi Central Library, University of Rajshahi   22/06/1970 Aligarh Library 65.00   530.12 MAI 1968 18/01/2014 C-5 Books  
  Dewey Decimal Classification     Non-fiction Central Library, University of Rajshahi Central Library, University of Rajshahi   08/12/1973 U.S GOVT Gift     530.12 MAI 1968 18/01/2014 C-4 Books  
  Dewey Decimal Classification     Non-fiction Central Library, University of Rajshahi Central Library, University of Rajshahi   07/12/1973 U.S.Govt. 0.00 3 530.12 MAI 1968 01/08/2015 C-2 Books 26/07/2015
  Dewey Decimal Classification     Non-fiction Central Library, University of Rajshahi Central Library, University of Rajshahi   07/12/1973 U.S.Govt. 0.00 1 530.12 MAI 1968 25/08/2015 C-3 Books 11/08/2015
  Dewey Decimal Classification     Non-fiction Central Library, University of Rajshahi Central Library, University of Rajshahi   22/06/1976 Aligorh Library, Rajshahi 65.00 3 530.12 MAI 1968 08/05/2023 C-6 Books 10/04/2023
  Dewey Decimal Classification     Non-fiction Central Library, University of Rajshahi Central Library, University of Rajshahi   22/06/1976 Aligorh Library, Rajshahi 65.00   530.12 MAI 1968 20/09/2016 C-7 Books  
  Dewey Decimal Classification     Non-fiction Central Library, University of Rajshahi Central Library, University of Rajshahi   22/06/1976 Aligorh Library, Rajshahi 65.00   530.12 MAI 1968 20/09/2016 C-8 Books  
  Dewey Decimal Classification     Non-fiction Central Library, University of Rajshahi Central Library, University of Rajshahi   07/12/1973 U.S.Govt.     530.12 MAI 1968 20/09/2016 C-9 Books  
  Dewey Decimal Classification     Non-fiction Central Library, University of Rajshahi Central Library, University of Rajshahi   07/12/1973 U.S.Govt.     530.12 MAI 1968 20/09/2016 C-10 Books  
  Dewey Decimal Classification     Non-fiction Central Library, University of Rajshahi Central Library, University of Rajshahi   07/12/1973 U.S.Govt.     530.12 MAI 1968 20/09/2016 C-1 Books